[Event "Lichtenberger Sommer"]
[Site "Berlin"]
[Date "2009.08.17"]
[Round "3.21"]
[White "Kohler, Thomas"]
[Black "Muskewitz, Bernd"]
[Result "1/2-1/2"]
[WhiteElo "2241"]
[BlackElo "2004"]
[PlyCount "50"]
[EventDate "2009.??.??"]
[WhiteTeam "SC Zitadelle Spandau 1977 e.V."]
[BlackTeam "TSG Oberschöneweide e.V."]

1. Nf3 d5 2. c4 c6 3. e3 Nf6 4. Nc3 e6 5. b3 Nbd7 6. Qc2 Be7 7. Bb2 O-O 8. Be2
a6 9. d4 b5 10. O-O Bb7 11. a3 Qc7 12. Rac1 Rfc8 13. Qb1 Qd8 14. Rfd1 bxc4 15.
bxc4 Qa5 16. c5 Rcb8 17. Qc2 Qc7 18. Bd3 a5 19. Na4 Ba6 20. Bxa6 Rxa6 21. Bc3
Ne4 22. Be1 Bd8 23. Rb1 Raa8 24. Rxb8 Rxb8 25. Rb1 Qa7 1/2-1/2

[Event "Lichtenberger Sommer"]
[Site "Berlin"]
[Date "2009.08.17"]
[Round "3.22"]
[White "Rohde, Wolfgang"]
[Black "Grassi, Fabrizio"]
[Result "1-0"]
[WhiteElo "2179"]
[BlackElo "1952"]
[PlyCount "73"]
[EventDate "2009.??.??"]
[WhiteTeam "SC Friesen Lichtenberg e.V."]
[BlackTeam "SV Berlin-Friedrichstadt"]

1. Nf3 d5 2. g3 Nf6 3. Bg2 Bf5 4. c4 c6 5. O-O e6 6. cxd5 exd5 7. d3 Be7 8. Nd4
Bg6 9. Nc3 O-O 10. e4 dxe4 11. dxe4 Nbd7 12. Qc2 Bc5 13. Nde2 Re8 14. Nf4 Ne5
15. Nxg6 Nxg6 16. Bg5 h6 17. Rad1 Qe7 18. Bxf6 Qxf6 19. Rd7 Re7 20. Rfd1 Rae8
21. Na4 Bb6 22. Nxb6 axb6 23. f4 Nf8 24. R7d6 Re6 25. e5 Qe7 26. R6d2 Qc7 27.
Bd5 R6e7 28. Bb3 c5 29. Qf5 Qc8 30. Qe4 Qc6 31. Bd5 Qc8 32. Bc4 Qc6 33. Qf5 Qc8
34. Qxc8 Rxc8 35. Rd6 Rc6 36. Rd8 g6 37. Rb8 1-0

[Event "Lichtenberger Sommer"]
[Site "Berlin"]
[Date "2009.08.17"]
[Round "3.23"]
[White "Bauder, Herbert"]
[Black "Maahs, Erich"]
[Result "1/2-1/2"]
[WhiteElo "2027"]
[BlackElo "2174"]
[PlyCount "69"]
[EventDate "2009.??.??"]
[WhiteTeam "SG Lasker Steglitz-Wilmersdorf"]
[BlackTeam "SC Concordia SAbt Palame"]

1. d4 d5 2. c4 dxc4 3. Nf3 Bf5 4. Nc3 Nf6 5. e3 e6 6. Bxc4 a6 7. O-O Be7 8. Qe2
Ne4 9. Nxe4 Bxe4 10. Bd3 Qd5 11. Bxe4 Qxe4 12. Nd2 Qd5 13. Nb3 Nc6 14. e4 Qb5
15. Qg4 g6 16. Qg3 O-O-O 17. Be3 f5 18. Rac1 fxe4 19. d5 Qxd5 20. Nd4 Bd6 21.
Nxc6 bxc6 22. Qg4 Rhf8 23. Qe2 Qb5 24. Qc2 Kb7 25. a4 Qe5 26. Qxc6+ Kc8 27. g3
Qd5 28. Qxa6+ Qb7 29. Qxb7+ Kxb7 30. Rc4 Rf5 31. Rxe4 Ra5 32. b3 e5 33. Rc4 Ba3
34. Bc1 Bd6 35. Be3 1/2-1/2

[Event "Lichtenberger Sommer"]
[Site "Berlin"]
[Date "2009.08.17"]
[Round "3.24"]
[White "Elsing, Jan"]
[Black "Walter, Günter"]
[Result "1-0"]
[WhiteElo "2151"]
[BlackElo "2042"]
[PlyCount "57"]
[EventDate "2009.??.??"]
[WhiteTeam "SC Friesen Lichtenberg e.V."]
[BlackTeam "TSG Oberschöneweide e.V."]

1. e4 e5 2. Nf3 Nc6 3. Bb5 a6 4. Ba4 Nf6 5. O-O Be7 6. Bxc6 dxc6 7. Qe1 O-O 8.
Nxe5 Qd4 9. Nf3 Qxe4 10. Qxe4 Nxe4 11. Re1 f5 12. d3 Bc5 13. dxe4 fxe4 14. Rxe4
Bf5 15. Re1 Bxc2 16. Be3 Bb4 17. Nc3 Rad8 18. Nd4 Bf5 19. Nxf5 Rxf5 20. Red1
Rd6 21. Ne4 Rdd5 22. Rac1 h6 23. Rd4 Rxd4 24. Bxd4 Rd5 25. Be3 Kf7 26. f3 Ke8
27. Kf2 Kd8 28. Rc4 Bf8 29. g4 1-0

[Event "Lichtenberger Sommer"]
[Site "Berlin"]
[Date "2009.08.17"]
[Round "3.25"]
[White "Hohn, August"]
[Black "Schnitzer, Peter"]
[Result "1/2-1/2"]
[WhiteElo "2069"]
[BlackElo "2183"]
[PlyCount "47"]
[EventDate "2009.??.??"]
[WhiteTeam "SC Zugzwang 95 e.V."]
[BlackTeam "SC Kreuzberg e.V."]

1. Nf3 b6 2. g3 Bb7 3. Bg2 f5 4. d3 Nf6 5. c4 g6 6. O-O Bg7 7. Nc3 O-O 8. e4
fxe4 9. Ng5 Nc6 10. Ngxe4 Nxe4 11. Bxe4 e6 12. Be3 Qc8 13. d4 Ne7 14. Qd3 Nf5
15. Rfe1 Bxe4 16. Qxe4 Nd6 17. Qd3 Qb7 18. d5 e5 19. f4 Qa6 20. Nb5 Nxb5 21.
cxb5 Qa5 22. b3 Qb4 23. Rad1 Rae8 24. Qc4 1/2-1/2

[Event "Lichtenberger Sommer"]
[Site "Berlin"]
[Date "2009.08.17"]
[Round "3.26"]
[White "Knebel, Lothar"]
[Black "Amelang, Thomas"]
[Result "1/2-1/2"]
[WhiteElo "1789"]
[BlackElo "2176"]
[PlyCount "75"]
[EventDate "2009.??.??"]
[WhiteTeam "SV Oberkochen"]
[BlackTeam "SK Siemens München"]

1. c4 Nf6 2. Nc3 c5 3. Nf3 Nc6 4. g3 g6 5. Bg2 Bg7 6. O-O O-O 7. d4 cxd4 8.
Nxd4 Nxd4 9. Qxd4 d6 10. Qd3 Rb8 11. Rd1 Nd7 12. Be3 b6 13. Qd2 Ne5 14. b3 Bb7
15. Bh6 Bxh6 16. Qxh6 Bxg2 17. Kxg2 Ng4 18. Qg5 f5 19. Nd5 Rb7 20. h3 Nf6 21.
Nxf6+ Rxf6 22. Rd3 Qf8 23. h4 Rc7 24. Rad1 Rc5 25. Rd5 Rc7 26. R5d3 Qf7 27. a4
Rc5 28. Rd5 f4 29. gxf4 Rxf4 30. f3 Rf5 31. Rxf5 Rxf5 32. Qe3 Qf6 33. Kg3 Re5
34. Qd2 g5 35. hxg5 Rxg5+ 36. Kf2 Qh6 37. Qxg5+ Qxg5 38. Rg1 1/2-1/2

[Event "Lichtenberger Sommer"]
[Site "Berlin"]
[Date "2009.08.17"]
[Round "3.27"]
[White "Rozov, Boris"]
[Black "Junge, Wolfgang"]
[Result "1-0"]
[WhiteElo "2138"]
[BlackElo "1835"]
[PlyCount "29"]
[EventDate "2009.??.??"]
[WhiteTeam "vereinslos"]
[BlackTeam "SC Friesen Lichtenberg e.V."]

1. d4 Nf6 2. Nc3 d5 3. Bg5 e6 4. e4 dxe4 5. Nxe4 Be7 6. Bxf6 Bxf6 7. Nf3 Nd7 8.
Qd2 b6 9. Bb5 Bb7 10. Qf4 Bxe4 11. Qxe4 a6 12. Bc6 Ra7 13. Ne5 Bxe5 14. dxe5
O-O 15. Rd1 1-0

[Event "Lichtenberger Sommer"]
[Site "Berlin"]
[Date "2009.08.17"]
[Round "3.28"]
[White "Cremer, Jan Paul"]
[Black "Badestein, Hartmut"]
[Result "1/2-1/2"]
[WhiteElo "1859"]
[BlackElo "2182"]
[PlyCount "93"]
[EventDate "2009.??.??"]
[WhiteTeam "Schachpinguine Berlin e.V."]
[BlackTeam "SC Friesen Lichtenberg e.V."]

1. e4 c6 2. d4 d5 3. Nc3 dxe4 4. Nxe4 Nf6 5. Nxf6+ exf6 6. Nf3 Bd6 7. Be2 O-O
8. O-O Re8 9. Be3 Bg4 10. c3 Qc7 11. h3 Be6 12. a4 Qc8 13. Re1 Nd7 14. a5 a6
15. Nd2 f5 16. Nc4 Bc7 17. Qa4 Qd8 18. Qb4 f4 19. Bd2 Bd5 20. Nd6 Qg5 21. f3
Re6 22. Qxb7 Bxd6 23. Qxa8+ Nf8 24. Qc8 h5 25. Kh1 Qg3 26. c4 Rg6 27. Rg1 Be6
28. Qxa6 Bxh3 29. Bf1 Bf5 30. Be1 Qg5 31. Qb7 h4 32. Bf2 Qh5 33. Qb3 Rg3 34.
Qd1 h3 35. Bxg3 hxg2+ 36. Kxg2 Bh3+ 37. Kf2 fxg3+ 38. Ke2 Be6 39. Qc2 Bf5 40.
Qd2 Ne6 41. a6 Nf4+ 42. Kd1 Qxf3+ 43. Kc1 g2 44. Bxg2 Ne2+ 45. Kd1 Nc3+ 46. Kc1
Ne2+ 47. Kd1 1/2-1/2

[Event "Lichtenberger Sommer"]
[Site "Berlin"]
[Date "2009.08.17"]
[Round "3.29"]
[White "Poseck, Steffen"]
[Black "Jordans, Ralph"]
[Result "1-0"]
[WhiteElo "2105"]
[BlackElo "1870"]
[PlyCount "101"]
[EventDate "2009.??.??"]
[WhiteTeam "BSV 63 Chemie Weißensee"]
[BlackTeam "Ford-Schachfreunde Köln e.V."]

1. Nf3 Nf6 2. c4 g6 3. Nc3 Bg7 4. g3 O-O 5. Bg2 d6 6. O-O Nc6 7. Rb1 Bf5 8. d3
e5 9. e4 Bd7 10. b4 Qc8 11. b5 Ne7 12. Ba3 Re8 13. Ne1 b6 14. Nc2 Bh3 15. Re1
Bxg2 16. Kxg2 Ng4 17. h3 Nh6 18. Ne2 f5 19. f3 Nf7 20. Rh1 Qb7 21. Bc1 a5 22.
h4 Rad8 23. Be3 Bh6 24. Bxh6 Nxh6 25. Qd2 Nf7 26. g4 Kh8 27. Rbg1 Rg8 28. Kf1
fxe4 29. fxe4 Rdf8 30. Ke1 Qc8 31. g5 Nd8 32. Ne3 Ne6 33. Ng4 Rf3 34. Nf6 Rg7
35. Rf1 Rxf1+ 36. Rxf1 Rf7 37. d4 Qf8 38. dxe5 dxe5 39. Qc3 Nc5 40. Rf3 Nxe4
41. Qxe5 Nxf6 42. Rxf6 Kg8 43. Rxf7 Qxf7 44. Qxc7 Qe6 45. c5 bxc5 46. b6 Nd5
47. Qd8+ Kf7 48. b7 Qe4 49. Qd7+ Ne7 50. b8=Q Qxh4+ 51. Kd2 1-0

[Event "Lichtenberger Sommer"]
[Site "Berlin"]
[Date "2009.08.17"]
[Round "3.30"]
[White "Kornrumpf, Joachim"]
[Black "Große-Honebrink, Brigitte"]
[Result "1-0"]
[WhiteElo "2119"]
[BlackElo "1926"]
[PlyCount "82"]
[EventDate "2009.??.??"]
[WhiteTeam "Preetzer TSV"]
[BlackTeam "SC Kreuzberg e.V."]

1. c4 Nf6 2. Nf3 c5 3. b3 g6 4. Bb2 Bg7 5. e3 O-O 6. Be2 Nc6 7. O-O d6 8. d3 e5
9. Nbd2 Re8 10. Qc2 d5 11. cxd5 Qxd5 12. a3 b6 13. Rfd1 Bb7 14. Rac1 Rad8 15.
Qb1 Qe6 16. Qa1 Re7 17. Nc4 Ne8 18. Bc3 Nd4 19. exd4 exd4 20. Bb2 Qxe2 21. Re1
Qxd3 22. Rxe7 Bxf3 23. Qb1 Qxb1 24. Rxb1 Bd5 25. Rbe1 Nf6 26. Rxa7 b5 27. Na5
Bh6 28. Bc1 Bxc1 29. Rxc1 Ne4 30. f3 Nc3 31. Kf2 c4 32. bxc4 bxc4 33. Rc7 Na2
34. Rd1 Be6 35. Nxc4 Nc3 36. Ra1 Nb5 37. Rc5 d3 38. Rxb5 Bxc4 39. Rb4 Be6 40.
Ke3 h5 41. Rd4 Bf5 1-0

[Event "Lichtenberger Sommer"]
[Site "Berlin"]
[Date "2009.08.17"]
[Round "3.31"]
[White "Albrecht, Rainer"]
[Black "Scheide, Helmut"]
[Result "1-0"]
[WhiteElo "2141"]
[BlackElo "1971"]
[PlyCount "59"]
[EventDate "2009.??.??"]
[WhiteTeam "SC Kreuzberg e.V."]
[BlackTeam "USV Potsdam e.V., Abt. Schach"]

1. c4 Nf6 2. g3 e6 3. Bg2 d5 4. Nf3 Be7 5. O-O O-O 6. Qc2 Nc6 7. d4 Ne4 8. e3
Nb4 9. Qe2 dxc4 10. Ne5 Nd6 11. Nd2 Rb8 12. a3 Nd3 13. Nxd3 cxd3 14. Qxd3 Bd7
15. Qc2 Bb5 16. Rd1 Be2 17. Re1 Bh5 18. Qc5 Bg6 19. Qxa7 Qd7 20. Qc5 Bd3 21.
Qc3 Ba6 22. b4 Bf6 23. Bb2 Nb5 24. Qb3 Qe7 25. a4 b6 26. axb5 Bxb5 27. Ne4 Bg5
28. Nxg5 Qxg5 29. Rec1 Qe7 30. Ra7 1-0

[Event "Lichtenberger Sommer"]
[Site "Berlin"]
[Date "2009.08.17"]
[Round "3.32"]
[White "Cerdan Herraez, Manuel Vicente"]
[Black "Magnussen, Helge"]
[Result "0-1"]
[WhiteElo "1900"]
[BlackElo "2056"]
[PlyCount "126"]
[EventDate "2009.??.??"]
[WhiteTeam "CIM Benimaclet - Valencia"]
[BlackTeam "SV Empor Berlin e.V."]

1. e4 e6 2. Nc3 d5 3. exd5 exd5 4. d4 c6 5. Nf3 Bd6 6. Bd3 Bg4 7. h3 Bh5 8. g4
Bg6 9. Bxg6 hxg6 10. Bg5 f6 11. Qe2+ Qe7 12. Bd2 Nd7 13. O-O-O O-O-O 14. Qd3
Qf7 15. a4 Ne7 16. Na2 Nf8 17. Bb4 Bc7 18. Rde1 Re8 19. Qa3 Kd7 20. Qb3 b6 21.
Qc3 Ne6 22. a5 Nc8 23. a6 Nf4 24. Kb1 Rxh3 25. Rxh3 Nxh3 26. Ne5+ fxe5 27. Qxh3
exd4 28. Rxe8 Qxe8 29. Nc1 Nd6 30. g5+ Nf5 31. Bd2 c5 32. Qh1 Qe6 33. Qh8 Bd8
34. Bf4 c4 35. Bb8 b5 36. Bxa7 Qxa6 37. Bxd4 Bxg5 38. Bxg7 Qe6 39. Bc3 d4 40.
Bb4 Be7 41. Bxe7 Kxe7 42. Qb8 Qd5 43. Qc7+ Kf6 44. f4 Qd6 45. Qb7 Qxf4 46. Qxb5
Ne3 47. Qd7 Qe4 48. Qd8+ Kf5 49. Qa5+ Kg4 50. Qd2 g5 51. Ne2 d3 52. cxd3 Qxd3+
53. Kc1 Kf3 54. Ng1+ Ke4 55. Ne2 Qxd2+ 56. Kxd2 g4 57. Ng3+ Kf3 58. Nh5 Nd5 59.
Kc2 g3 60. Nxg3 Kxg3 61. b3 c3 62. b4 Kf4 63. b5 Ke5 0-1

[Event "Lichtenberger Sommer"]
[Site "Berlin"]
[Date "2009.08.17"]
[Round "3.33"]
[White "Ziems, Michael"]
[Black "Keil, Uwe"]
[Result "0-1"]
[WhiteElo "1743"]
[BlackElo "2141"]
[PlyCount "80"]
[EventDate "2009.??.??"]
[WhiteTeam "SV Empor Berlin e.V."]
[BlackTeam "SC Friesen Lichtenberg e.V."]

1. d4 Nf6 2. c4 e6 3. Nc3 c5 4. Nf3 cxd4 5. Nxd4 Nc6 6. e3 Be7 7. Be2 O-O 8.
O-O d6 9. b3 Re8 10. Bb2 e5 11. Nxc6 bxc6 12. Bf3 Bb7 13. Qc2 Qc7 14. Rac1 Bf8
15. Rfd1 Rad8 16. e4 g6 17. Qd2 Qe7 18. Qe3 Bc8 19. h3 h5 20. Rc2 Kh7 21. Bc1
Be6 22. Be2 Bg7 23. b4 d5 24. cxd5 cxd5 25. exd5 Nxd5 26. Nxd5 Rxd5 27. Rxd5
Bxd5 28. a3 Qb7 29. Bf1 Re7 30. Rc5 f5 31. Qg5 Rd7 32. Bb5 Rc7 33. Be8 Bf7 34.
Bxf7 Rxf7 35. Bb2 Qe4 36. Qc1 Rd7 37. Bc3 Qe2 38. Qb2 Rd1+ 39. Kh2 Qf1 40. Kg3
f4+ 0-1

[Event "Lichtenberger Sommer"]
[Site "Berlin"]
[Date "2009.08.17"]
[Round "3.34"]
[White "Bender, Sebastian"]
[Black "Krajewski, Wolfgang"]
[Result "0-1"]
[WhiteElo "1482"]
[BlackElo "2131"]
[PlyCount "88"]
[EventDate "2009.??.??"]
[WhiteTeam "SC Zugzwang 95 e.V."]
[BlackTeam "SK Zehlendorf e.V."]

1. e4 c5 2. Nf3 d6 3. d4 cxd4 4. Nxd4 Nf6 5. Nc3 a6 6. Be2 e5 7. Nb3 Be6 8. a4
Be7 9. Be3 Nbd7 10. O-O O-O 11. f4 exf4 12. Rxf4 Ne5 13. Nd4 Rc8 14. Nxe6 fxe6
15. Qf1 Qc7 16. Bd4 Nc4 17. b3 Nd2 18. Qd1 e5 19. Rxf6 Bxf6 20. Qxd2 exd4 21.
Bc4+ Kh8 22. Nd5 Qd8 23. Nf4 Bg5 24. Rf1 Bxf4 25. Rxf4 Rxf4 26. Qxf4 Qf6 27.
Qxf6 gxf6 28. Kf2 b5 29. Bd3 bxa4 30. bxa4 a5 31. Ke2 Kg7 32. Kd2 Rc3 33. Bb5
Kh6 34. Bd7 Kg5 35. Be6 Kf4 36. Bd5 h6 37. g3+ Ke5 38. Bf7 Kxe4 39. Be6 Ra3 40.
Bb3 Ra1 41. g4 Rh1 42. Be6 Rxh2+ 43. Kc1 Ke3 44. Kb2 d3 0-1

[Event "Lichtenberger Sommer"]
[Site "Berlin"]
[Date "2009.08.17"]
[Round "3.35"]
[White "Sivakumaran, Ramesh"]
[Black "Penne, Bo"]
[Result "0-1"]
[WhiteElo "1466"]
[BlackElo "2000"]
[PlyCount "68"]
[EventDate "2009.??.??"]
[WhiteTeam "SV Empor Berlin e.V."]
[BlackTeam "USV Potsdam e.V., Abt. Schach"]

1. c4 e6 2. g3 Nf6 3. Bg2 d5 4. Nf3 Be7 5. O-O O-O 6. d3 c6 7. b3 Qb6 8. Bb2
dxc4 9. dxc4 a5 10. Nc3 Nbd7 11. Qc2 Nc5 12. Ng5 h6 13. Nd5 exd5 14. Bxf6 hxg5
15. Bxe7 Re8 16. Bxg5 dxc4 17. bxc4 Ne6 18. Rab1 Qc7 19. Be3 Qe5 20. Qb2 Qh5
21. Rfd1 Ng5 22. Bxg5 Qxg5 23. Rd4 Qc5 24. e3 Bf5 25. Rbd1 Rab8 26. Qe2 Be6 27.
Kh1 b5 28. cxb5 cxb5 29. Rh4 Bc4 30. Qb2 Rbd8 31. Bf3 Rxd1+ 32. Bxd1 Qd5+ 33.
e4 Qxd1+ 34. Kg2 Bf1+ 0-1

[Event "Lichtenberger Sommer"]
[Site "Berlin"]
[Date "2009.08.17"]
[Round "3.36"]
[White "Rabiega, Robert"]
[Black "Kapp, Frank"]
[Result "1-0"]
[WhiteElo "2551"]
[BlackElo "1824"]
[PlyCount "107"]
[EventDate "2009.??.??"]
[WhiteTeam "SK König Tegel 1949 e.V."]
[BlackTeam "TSV IFA Chemnitz"]

1. e4 e6 2. d3 d5 3. Qe2 Be7 4. Nf3 dxe4 5. dxe4 c5 6. c3 Nc6 7. Nbd2 b6 8. Nc4
Ba6 9. Qc2 Qc7 10. g3 Bxc4 11. Bxc4 Bd6 12. O-O Nge7 13. Nh4 Ng6 14. Ng2 Nge5
15. Be2 h6 16. f4 Nd7 17. e5 Be7 18. Qe4 O-O 19. Bd3 g6 20. h4 Rfd8 21. h5 Nf8
22. hxg6 fxg6 23. Be3 a6 24. g4 b5 25. Rae1 Rac8 26. Bc1 Rd5 27. Ne3 Rd7 28.
Bc2 c4 29. Kg2 Bc5 30. Rh1 Rh7 31. Rh3 Ne7 32. Reh1 Qc6 33. Rxh6 Qxe4+ 34. Bxe4
Rxh6 35. Rxh6 Rc7 36. Rh1 a5 37. Rd1 Rd7 38. Rxd7 Nxd7 39. Kf3 Nb6 40. Bb7 b4
41. Ba6 bxc3 42. bxc3 Bxe3 43. Bxe3 Ned5 44. Bxb6 Nxb6 45. Ke4 Kf7 46. Kd4 Nd5
47. f5 Nb6 48. f6 Nd5 49. Bxc4 Nf4 50. Kc5 g5 51. a4 Ke8 52. Kd6 Kf7 53. Bb3
Ne2 54. Bxe6+ 1-0

[Event "Lichtenberger Sommer"]
[Site "Berlin"]
[Date "2009.08.17"]
[Round "3.37"]
[White "Vogel, Robert"]
[Black "Kohlmeyer, Dagobert"]
[Result "1-0"]
[WhiteElo "2318"]
[BlackElo "1912"]
[PlyCount "81"]
[EventDate "2009.??.??"]
[WhiteTeam "SGem Pang/Rosenheim"]
[BlackTeam "SC Rochade e.V."]

1. d4 Nf6 2. c4 g6 3. Nc3 d5 4. Nf3 Bg7 5. cxd5 Nxd5 6. Bg5 Nc6 7. e3 O-O 8.
Be2 Bf5 9. O-O h6 10. Bh4 a6 11. Rc1 Rc8 12. Na4 Ra8 13. a3 Qc8 14. Nc5 Bd7 15.
Qb3 e6 16. Qxb7 Qxb7 17. Nxb7 Ra7 18. Nc5 Be8 19. Bxa6 Na5 20. Be2 g5 21. Bg3
Bf6 22. Ne5 Be7 23. Ned7 Bxd7 24. Nxd7 Rd8 25. Ne5 Rb8 26. b4 Nb3 27. Nc6 Nxc1
28. Rxc1 Rba8 29. Nxa7 Rxa7 30. e4 Nf4 31. Bxf4 gxf4 32. Rc3 f6 33. Bc4 Kf7 34.
g3 fxg3 35. hxg3 Bd6 36. f4 Ra8 37. e5 Be7 38. f5 fxe5 39. dxe5 Rd8 40. Bxe6+
Kf8 41. f6 1-0

[Event "Lichtenberger Sommer"]
[Site "Berlin"]
[Date "2009.08.17"]
[Round "3.38"]
[White "Nagel, Gerhard"]
[Black "Schindler, Samuel"]
[Result "0-1"]
[WhiteElo "1950"]
[BlackElo "2260"]
[PlyCount "62"]
[EventDate "2009.??.??"]
[WhiteTeam "SC Einheit Bautzen"]
[BlackTeam "SC Pfullendorf"]

1. e4 c6 2. d4 d5 3. exd5 cxd5 4. Bd3 Nc6 5. Nf3 Bg4 6. c3 Nf6 7. h3 Bh5 8.
Nbd2 e6 9. O-O Bd6 10. Re1 O-O 11. Qc2 Rc8 12. Qb3 Qc7 13. Be2 a6 14. Nf1 b5
15. a3 Na5 16. Qd1 Nc4 17. N3d2 Bg6 18. Nxc4 bxc4 19. Nd2 Rb8 20. Nf3 Rb3 21.
Nh4 Be4 22. Nf3 Rb6 23. Qd2 Rfb8 24. Bd1 h6 25. Bc2 Rxb2 26. Bxb2 Rxb2 27. Rec1
Bf4 28. Qd1 Bxc1 29. Bxe4 Nxe4 30. Qxc1 Rxf2 31. Rb1 Rxg2+ 0-1

[Event "Lichtenberger Sommer"]
[Site "Berlin"]
[Date "2009.08.17"]
[Round "3.39"]
[White "Behrmann, Joachim"]
[Black "Bergmann, Jens"]
[Result "1-0"]
[WhiteElo "2216"]
[BlackElo "1824"]
[PlyCount "87"]
[EventDate "2009.??.??"]
[WhiteTeam "SK Zehlendorf e.V."]
[BlackTeam "SK Tempelhof 1931 e.V."]

1. d4 Nf6 2. c4 d5 3. cxd5 Nxd5 4. e4 Nb6 5. Nc3 g6 6. h3 Bg7 7. Nf3 N8d7 8.
Be3 O-O 9. Be2 Re8 10. O-O e5 11. Bg5 f6 12. Qb3+ Kh8 13. Be3 exd4 14. Bxd4 Ne5
15. Nxe5 fxe5 16. Be3 Be6 17. Qc2 Nd7 18. Nb5 a6 19. Nxc7 Rc8 20. Nxe6 Rxc2 21.
Nxd8 Rxe2 22. Nxb7 Rb8 23. Na5 Rexb2 24. Nc4 R2b4 25. Rac1 Nf8 26. Bc5 Ra4 27.
Bd6 Re8 28. Bxf8 Bxf8 29. Rc2 Rc8 30. Rfc1 Bh6 31. Nxe5 Rxc2 32. Rxc2 Bf4 33.
Nd3 Rxe4 34. Rc6 a5 35. Nxf4 Rxf4 36. Rc3 h5 37. g3 Rb4 38. a3 Rb1+ 39. Kg2 Ra1
40. Kf3 a4 41. Kf4 Kg7 42. Kg5 Kf7 43. Kh6 Kf6 44. Rf3+ 1-0

[Event "Lichtenberger Sommer"]
[Site "Berlin"]
[Date "2009.08.17"]
[Round "3.40"]
[White "Wasem, Ralph"]
[Black "Casny, Guenter"]
[Result "1-0"]
[WhiteElo "2133"]
[BlackElo "1865"]
[PlyCount "101"]
[EventDate "2009.??.??"]
[WhiteTeam "SK Landau"]
[BlackTeam "SC Rochade e.V."]

1. e4 c5 2. Nc3 Nc6 3. f4 d6 4. Bc4 g6 5. d3 Bg7 6. Nf3 a6 7. a4 e6 8. O-O Nge7
9. Qe1 Bd7 10. f5 exf5 11. exf5 Bxf5 12. Nd5 O-O 13. Bg5 Re8 14. Qh4 Be6 15.
Rae1 Bxd5 16. Bxd5 Qc7 17. Bxf7+ Kxf7 18. Bxe7 Kg8 19. Ng5 h6 20. Qc4+ Kh8 21.
Nf7+ Kh7 22. Bxd6 Qd7 23. Bxc5 Rxe1 24. Rxe1 b5 25. axb5 axb5 26. Qf4 Re8 27.
Rxe8 Qxe8 28. Kf1 g5 29. Qf3 Kg8 30. Nd6 Qd7 31. b4 Bc3 32. Qd5+ Kh7 33. Qe4+
Kg8 34. Qg6+ Bg7 35. Qe8+ Qxe8 36. Nxe8 Bc3 37. Ke2 Nxb4 38. Bxb4 Bxb4 39. Kf3
Be7 40. Nc7 b4 41. Ke3 Kf7 42. Ke4 Bd6 43. Nb5 Bf4 44. g4 Ke6 45. d4 Bd2 46.
d5+ Kf6 47. Nd4 Kg6 48. d6 Kf6 49. Kd5 Be3 50. Nc6 Bb6 51. d7 1-0

[Event "Lichtenberger Sommer"]
[Site "Berlin"]
[Date "2009.08.17"]
[Round "3.41"]
[White "Lerch, Philipp"]
[Black "Kupfer, Michael"]
[Result "1-0"]
[WhiteElo "1905"]
[BlackElo "2198"]
[PlyCount "69"]
[EventDate "2009.??.??"]
[WhiteTeam "TuS Makkabi Berlin e.V."]
[BlackTeam "SC Friesen Lichtenberg e.V."]

1. e4 c5 2. Nc3 g6 3. g3 Bg7 4. Bg2 Nc6 5. d3 d6 6. f4 Bd7 7. Nf3 Rb8 8. Be3
Nd4 9. O-O b5 10. Rb1 Qc8 11. e5 Nh6 12. Nxd4 Ng4 13. Qe2 Nxe3 14. Qxe3 cxd4
15. Qxd4 O-O 16. Nd5 Qd8 17. Rfe1 dxe5 18. fxe5 Be6 19. Qc5 Re8 20. Nf4 Qc8 21.
Qxc8 Bxc8 22. d4 Rd8 23. c3 Bh6 24. Nd5 Kf8 25. Nb4 Bf5 26. Be4 Bxe4 27. Rxe4
Rbc8 28. Nd3 a5 29. a3 Rc4 30. Rf1 e6 31. Nc5 Kg8 32. Rf3 b4 33. Nb7 bxc3 34.
bxc3 Rc7 35. Nxd8 1-0

[Event "Lichtenberger Sommer"]
[Site "Berlin"]
[Date "2009.08.17"]
[Round "3.42"]
[White "Kazman, Caner"]
[Black "Welz, Peter"]
[Result "0-1"]
[WhiteElo "1941"]
[BlackElo "2101"]
[PlyCount "122"]
[EventDate "2009.??.??"]
[WhiteTeam "SV Empor Berlin e.V."]
[BlackTeam "SV Empor Berlin e.V."]

1. e4 e6 2. d4 d5 3. exd5 exd5 4. Bd3 Nc6 5. Nf3 Bg4 6. c3 Bd6 7. O-O Nge7 8.
Bg5 f6 9. Bh4 Qd7 10. Nbd2 O-O-O 11. b4 Ng6 12. Bg3 Nf4 13. Bxf4 Bxf4 14. Qa4
Kb8 15. b5 Ne7 16. Qb3 Ng6 17. Qc2 Bxd2 18. Nxd2 Nf4 19. f3 Bh5 20. a4 Bg6 21.
Bxg6 hxg6 22. Rf2 Rh6 23. Rb1 Rdh8 24. Nf1 Qf5 25. Qxf5 gxf5 26. Rd1 Re8 27.
Ng3 g6 28. Rfd2 Rh7 29. h3 Rhe7 30. Kf1 b6 31. Rc2 Kb7 32. c4 dxc4 33. Rxc4 Nd5
34. Rdc1 Ne3+ 35. Kf2 Nxc4 36. Rxc4 Re1 37. Rc6 R1e6 38. d5 Rxc6 39. dxc6+ Kc8
40. f4 Rd8 41. Ke3 Rd1 42. h4 Ra1 43. h5 gxh5 44. Nxh5 Rxa4 45. Nxf6 Rb4 46.
Kf3 Rxb5 47. g4 fxg4+ 48. Kxg4 a5 49. Ne4 Kd8 50. Ng5 Rxg5+ 51. fxg5 Ke7 52.
Kf5 a4 53. g6 a3 54. g7 Kf7 55. g8=Q+ Kxg8 56. Ke6 a2 57. Kd7 a1=Q 58. Kxc7 b5
59. Kb6 b4 60. c7 Qc3 61. Kb7 b3 0-1

[Event "Lichtenberger Sommer"]
[Site "Berlin"]
[Date "2009.08.17"]
[Round "3.43"]
[White "Heuser, Philip"]
[Black "Lieder, Günter"]
[Result "1-0"]
[WhiteElo "2081"]
[BlackElo "1873"]
[PlyCount "183"]
[EventDate "2009.??.??"]
[WhiteTeam "SG Heidelberg-Kirchheim"]
[BlackTeam "SK Turm Bad Hersfeld"]

1. d4 Nf6 2. c4 e6 3. Nc3 d5 4. cxd5 exd5 5. Bg5 Be7 6. e3 c6 7. Qc2 Bg4 8. Bd3
Nbd7 9. f3 Bh5 10. Nge2 Qb6 11. O-O-O c5 12. Rhe1 Bg6 13. Nf4 Bxd3 14. Qxd3 Qc6
15. Bxf6 Nxf6 16. dxc5 Rd8 17. Nfxd5 Nxd5 18. Nxd5 Qxc5+ 19. Kb1 O-O 20. Qd4 b6
21. Rd3 Kh8 22. Qxc5 Bxc5 23. Red1 a5 24. e4 Rc8 25. Nc3 g6 26. Rd7 Kg7 27. Rb7
g5 28. h3 Kg6 29. Rdd7 Rc6 30. Nd5 h6 31. g4 Kg7 32. a3 Bf2 33. Ne7 Re6 34.
Nf5+ Kg6 35. Ne7+ Kg7 36. Nf5+ Kg6 37. Kc2 Bg1 38. Ne7+ Kg7 39. Nf5+ Kg6 40.
Kd3 Bf2 41. Ne7+ Kg7 42. Nf5+ Kg6 43. Ke2 Bg1 44. b4 axb4 45. axb4 Rf6 46. Rd1
Bh2 47. Ne7+ Kg7 48. Nd5 Rc6 49. Rxb6 Rc2+ 50. Rd2 Rc1 51. Ne3 Ra8 52. Nf5+ Kf8
53. Rxh6 Kg8 54. Ne7+ Kg7 55. Nf5+ Kg8 56. b5 Bf4 57. Rb2 Raa1 58. Rc6 Re1+ 59.
Kd3 Red1+ 60. Kc4 Rac1+ 61. Kb4 Ra1 62. b6 Bd2+ 63. Kb3 Bc1 64. Rxc1 Raxc1 65.
b7 Rd8 66. Ne7+ Kh7 67. Nc8 Rdxc8 68. bxc8=Q Rxc8 69. Rh2 Kg6 70. h4 gxh4 71.
Rxh4 Kg5 72. Rh5+ Kg6 73. Rf5 Rc7 74. Kb4 Rc1 75. e5 Rc2 76. Rf6+ Kg7 77. f4
Rc1 78. Kb5 Rc2 79. g5 Rc1 80. Kb6 Rc2 81. Kb7 Rc1 82. Rb6 Rf1 83. Rf6 Rc1 84.
Rc6 Rf1 85. Rc4 Kg6 86. Kc7 Kf5 87. Kd7 Ra1 88. Rd4 Kg6 89. Ke7 Rf1 90. Rd6+
Kg7 91. Rf6 Ra1 92. Rxf7+ 1-0

[Event "Lichtenberger Sommer"]
[Site "Berlin"]
[Date "2009.08.17"]
[Round "3.44"]
[White "Penner, Markus"]
[Black "Bendfeldt, Tim"]
[Result "0-1"]
[WhiteElo "1886"]
[BlackElo "2064"]
[PlyCount "90"]
[EventDate "2009.??.??"]
[WhiteTeam "SK Zehlendorf e.V."]
[BlackTeam "Kieler SG von 1884 / Meerbauer"]

1. e4 e6 2. d4 d5 3. Nc3 Nf6 4. e5 Nfd7 5. f4 c5 6. Nf3 Nc6 7. Be3 a6 8. Qd2 b5
9. dxc5 Bxc5 10. Bxc5 Nxc5 11. Nd4 Qb6 12. Nxc6 Qxc6 13. Bd3 Bb7 14. Ne2 O-O
15. Nd4 Qb6 16. c3 f6 17. O-O fxe5 18. fxe5 Ne4 19. Bxe4 dxe4 20. Kh1 Bd5 21.
Qg5 Qc7 22. Rf6 Qe7 23. Raf1 Rxf6 24. exf6 Rf8 25. Nf5 Qxf6 26. Qxf6 Rxf6 27.
Ne3 Rxf1+ 28. Nxf1 Bxa2 29. Kg1 Kf7 30. Kf2 Kf6 31. Ke3 Ke5 32. Ng3 Bd5 33. b4
Kd6 34. Ne2 e5 35. Ng3 g6 36. h4 Bc6 37. h5 Ke6 38. hxg6 hxg6 39. Ne2 Kd5 40.
Ng3 Kc4 41. Ne2 Bd5 42. g4 Be6 43. g5 Bg4 44. Nc1 Kxc3 45. Kxe4 Kc2 0-1